U.S. Presidents who Spoke Greek - Statistics

General Stats
  • This quiz has been taken 26 times
  • The average score is 4 of 7
Answer Stats
President % Correct
James K. Polk
63%
James Madison
63%
John Tyler
58%
James Buchanan
53%
James A. Garfield
47%
Rutherford B. Hayes
47%
Chester A. Arthur
32%
No matching quizzes found
Score Distribution
Percent of People with Each Score
Percentile by Number Answered
Your Score History
You have not taken this quiz